1466 1801 1029 1282 1153 1982 1627 1143 1894 1527 1183 1078 1070 1002 1160 1312 1929 1770 1118 1848 1046 1800 1843 1488 1010 1596 1720 1399 1147 1940 1630 1933 1365 1516 1754 1756 1192 1474 1498 1773 1977 1703 1042 1486 1503 1497 1678 1691 1132 1526 1571 1685 1837 1799 1121 1844 1940 1794 1648 1172 1707 1283 1098 1427 1181 1115 1235 1516 1961 1407 1887 1179 1797 1809 1253 1595 1651 1344 1853 1980 1725 1787 1897 1032 1617 1939 1691 1330 1091 1933 1120 1304 1406 1521 1419 1292 1597 1103 1381 BCNSPRNW ULIB Ver.6.0+V

เปลี่ยนเป็นภาษาไทย

Change to English
 แสดงรายละเอียดบรรณานุกรม
  กลับหน้าหลัก

Brief Record : Get Marc (ISO 2709) : E-mail record : QR code < ปิดหน้าต่าง
LEADER : 00000nam 2200000uu 4500
001    13399111309
003     ULIB
008    110622s||||||||th 000 0 tha d
020    9749922085
050 04 BF713^bก399จ 2548
100 0  กัลยา นาคเพ็ชร์
245 00 จิตวิทยาพัฒนาการสำหรับพยาบาล /^cบรรณาธิการ, กัลยา นาคเพ็ชร์, จุไร อภัยจิรรัตน์, สมพิศ ใยสุ่น
250    พิมพ์ครั้งที่ 2
260    [กรุงเทพ] :^bวิทยาลัยพยาบาลสภากาชาดไทย,^c2548
300    240 หน้า :^bภาพประกอบ ;^c30 ซม.
650  7 จิตวิทยาพัฒนาการ
650  7 พยาบาล
700 0  กัลยา นาคเพ็ชร์,^eบรรณาธิการ
700 0  จุไร อภัยจิรรัตน์,^eบรรณาธิการ
700 0  สมพิศ ใยสุ่น,^eบรรณาธิการ
710 2  วิทยาลัยพยาบาลสภากาชาดไทย
945    ^p250^l0^i020095
945    ^p250^l0^i020094
945    ^p250^l0^i019800
945    ^p250^l0^i020096
995    ทศพร
999 ^a ใช้งานได้ทุกระบบ
รายการนี้ยังไม่มีแท็ก
คุณยังไม่ได้ล็อกอิน คุณสามารถมีกิจกรรมร่วมกับเว็บไซต์ได้ แต่ต้องล็อกอินก่อน ::
  ล็อกอิน

รายการสื่อสารสนเทศ

ลำดับที่ ประเภท เลขเรียก/บาร์โค้ด สถานที่ สถานะ
- ไม่พบข้อมูล -

รายการใกล้เคียง
    ผู้แต่ง [กัลยา นาคเพ็ชร์]

    หัวเรื่อง [จิตวิทยาพัฒนาการ]
    หัวเรื่อง [พยาบาล]

BibComment


ยังไม่เคยถูกคอมเมนท์

คอมเมนท์ทรัพยากรรายการนี้
  คอมเมนท์: จิตวิทยาพัฒนาการส..


 Copyright 2026. Bcnsprnw @Library